| 000 | 00446nam a2200169 a 4500 | ||
|---|---|---|---|
| 001 | 7478 | ||
| 003 | CO-ViMGA | ||
| 008 | 141112s2004 ck r 000 u spa d | ||
| 040 |
_aCO-ViMGA _bspa _cCO-ViMGA |
||
| 082 | 0 | 4 | _a350.99 C677 |
| 245 | 1 | 0 | _aLa corrupción en Colombia |
| 260 |
_aBogotá : _bTercer mundo, _c1997 |
||
| 300 | _a329 p | ||
| 650 | 1 | 4 |
_aADMINISTRACION PUBLICA _951587 |
| 650 | 1 | 4 |
_aCORRUPCION ADMINISTRATIVA _96765 |
| 942 |
_2ddc _cBK |
||
| 999 |
_c19425 _d19425 |
||